[Event "HUN-chT2 Maroczy 1011"]
[Site "Hungary"]
[Date "2011.03.27"]
[Round "7"]
[White "Kende, Gyorgy"]
[Black "Kovacs, Laszlo Jr"]
[Result "1-0"]
[WhiteElo "2213"]
[BlackElo "2078"]
[PlyCount "57"]
[EventDate "2010.09.12"]
[EventType "team-tourn"]
[EventRounds "11"]
[EventCountry "HUN"]
[SourceTitle "EXT 2012"]
[Source "ChessBase"]
[SourceDate "2011.11.24"]
[SourceVersion "1"]
[SourceVersionDate "2011.11.24"]
[SourceQuality "1"]
[WhiteTeam "Dunaharaszti"]
[BlackTeam "Miskolc EMSE"]
[WhiteTeamCountry "HUN"]
[BlackTeamCountry "HUN"]

1. e4 e6 2. d3 Nf6 3. Nf3 Be7 4. g3 0-0 5. Bg2 d6 6. 0-0 e5 7. Nbd2 c5 8. c3 Nc6 9. Re1 Be6 10. a3 b5 11. d4 cxd4 12. cxd4 exd4 13. Nb3 Bxb3 14. Qxb3 Rb8 15. Bf4 Nd7 16. Rad1 Qb6 17. Qd5 Nf6 18. Qf5 Rbd8 19. e5 dxe5 20. Nxe5 Nxe5 21. Rxe5 Rfe8 22. Rxb5 Qa6 23. Bb7 Qa4 24. Qd3 Bd6 25. Bc6 Bxf4 26. Bxe8 Rxe8 27. gxf4 a5 28. Qb3 Qxb3 29. Rxb3 1-0

[Event "HUN-chT2 Barcza 1011"]
[Site "Hungary"]
[Date "2010.11.21"]
[Round "6.7"]
[White "Kovacs, Laszlo Jr"]
[Black "Toth, Janos"]
[Result "1/2-1/2"]
[WhiteElo "2151"]
[BlackElo "2109"]
[PlyCount "79"]
[EventDate "2010.09.12"]
[EventType "team-tourn"]
[EventRounds "11"]
[EventCountry "HUN"]
[SourceTitle "EXT 2012"]
[Source "ChessBase"]
[SourceDate "2011.11.24"]
[SourceVersion "1"]
[SourceVersionDate "2011.11.24"]
[SourceQuality "1"]
[WhiteTeam "Hajduszoboszlo"]
[BlackTeam "Hajduboszormeny"]
[WhiteTeamCountry "HUN"]
[BlackTeamCountry "HUN"]

1. c4 Nf6 2. Nf3 e6 3. g3 b6 4. Bg2 Bb7 5. 0-0 Be7 6. d4 0-0 7. Nc3 d6 8. Qc2 c5 9. dxc5 bxc5 10. Bg5 Nbd7 11. Rfd1 a6 12. e4 Qc7 13. h3 Rfd8 14. Re1 Bc6 15. Nd5 Bxd5 16. exd5 e5 17. Nd2 h6 18. Be3 Bf8 19. g4 Rdb8 20. b3 a5 21. a4 Rb6 22. f4 exf4 23. Bxf4 g5 24. Bg3 Bg7 25. Qf5 Nf8 26. Rad1 Ng6 27. Re2 Nd7 28. Rde1 Rf8 29. Be4 Bc3 30. Bc2 Nde5 31. Rf1 Qc8 32. Ne4 Bd4+ 33. Kg2 Qxf5 34. Rxf5 Kg7 35. Re1 Rd8 36. Re2 Rd7 37. Nf6 Rd8 38. Nh5+ Kg8 39. Nf6+ Kg7 40. Nh5+ 1/2-1/2

[Event "HUN-chT2 Maroczy 1011"]
[Site "Hungary"]
[Date "2010.10.24"]
[Round "4"]
[White "Bernath, Robert"]
[Black "Kovacs, Laszlo Jr"]
[Result "1/2-1/2"]
[WhiteElo "2127"]
[BlackElo "2078"]
[PlyCount "82"]
[EventDate "2010.09.12"]
[EventType "team-tourn"]
[EventRounds "11"]
[EventCountry "HUN"]
[SourceTitle "EXT 2012"]
[Source "ChessBase"]
[SourceDate "2011.11.24"]
[SourceVersion "1"]
[SourceVersionDate "2011.11.24"]
[SourceQuality "1"]
[WhiteTeam "Maroczy"]
[BlackTeam "Miskolc EMSE"]
[WhiteTeamCountry "HUN"]
[BlackTeamCountry "HUN"]

1. e4 e6 2. d4 d5 3. e5 c5 4. c3 Nc6 5. Nf3 Qb6 6. Bd3 Bd7 7. 0-0 cxd4 8. cxd4 Nb4 9. Be2 Ne7 10. a3 Nbc6 11. b4 Nf5 12. Bb2 h5 13. Kh1 Be7 14. Nc3 Qd8 15. Bd3 g6 16. Rc1 a6 17. Na4 Nb8 18. Nc5 Bc8 19. b5 Bxc5 20. dxc5 axb5 21. Bxb5+ Bd7 22. a4 Bc6 23. Nd4 Nxd4 24. Qxd4 Qd7 25. Bxc6 Qxc6 26. Ra1 Nd7 27. Rfc1 0-0 28. f4 b6 29. cxb6 Qxb6 30. Qd2 Rfc8 31. Rxc8+ Rxc8 32. a5 Qa6 33. f5 exf5 34. Qxd5 Nf8 35. Qd6 Rc6 36. Qb4 Rc8 37. Bd4 Ne6 38. Bb6 Rb8 39. Qd6 Rc8 40. Rd1 Qe2 41. Qd7 Rc2 1/2-1/2

[Event "HUN-chT2 Barcza 0809"]
[Site "Hungary"]
[Date "2008.12.21"]
[Round "4.7"]
[White "Kovacs, Laszlo Jr"]
[Black "Vasvari, Tamas"]
[Result "1/2-1/2"]
[WhiteElo "2129"]
[BlackElo "2140"]
[PlyCount "82"]
[EventDate "2008.10.26"]
[EventType "team-tourn"]
[EventRounds "11"]
[EventCountry "HUN"]
[SourceTitle "EXT 2010"]
[Source "ChessBase"]
[SourceDate "2010.11.25"]
[SourceVersion "1"]
[SourceVersionDate "2010.11.25"]
[SourceQuality "1"]
[WhiteTeam "Hajduszoboszlo"]
[BlackTeam "Nyiregyhaza"]
[WhiteTeamCountry "HUN"]
[BlackTeamCountry "HUN"]

1. d4 d5 2. Nc3 Nf6 3. e4 Nxe4 4. Nxe4 dxe4 5. Bc4 e6 6. Be3 Nd7 7. Qe2 a6 8. 0-0-0 b5 9. Bb3 Bb7 10. d5 exd5 11. Bxd5 Bxd5 12. Rxd5 Qe7 13. Nh3 c6 14. Bg5 f6 15. Rd4 0-0-0 16. Rxe4 Qf7 17. Kb1 fxg5 18. Re6 Nc5 19. Nxg5 Qc7 20. Re5 h6 21. Ne6 Nxe6 22. Rxe6 Bd6 23. a4 Kb7 24. axb5 axb5 25. c4 b4 26. c5 Bxc5 27. Rc1 Kb6 28. Rxc5 Kxc5 29. Qe3+ Kb5 30. Qe2+ Ka5 31. Qc4 Rc8 32. Qc5+ Ka6 33. Qxb4 Qa5 34. Qe4 Qb5 35. Re5 Qb3 36. Qe2+ Kb6 37. Re3 Qb5 38. Qc2 Qf1+ 39. Ka2 Ra8+ 40. Ra3 Rxa3+ 41. bxa3 Re8 1/2-1/2

[Event "HUN-chT2 Maroczy 0708"]
[Site "Hungary"]
[Date "2008.05.18"]
[Round "11"]
[White "Kovacs, Laszlo Jr"]
[Black "Herczku, Daniel"]
[Result "1-0"]
[WhiteElo "2072"]
[BlackElo "2080"]
[PlyCount "51"]
[EventDate "2007.10.14"]
[EventType "team"]
[EventRounds "11"]
[EventCountry "HUN"]
[SourceTitle "EXT 2009"]
[Source "ChessBase"]
[SourceDate "2008.11.26"]
[SourceVersion "1"]
[SourceVersionDate "2008.11.26"]
[SourceQuality "1"]
[WhiteTeam "Teva"]
[BlackTeam "Koszolg"]
[WhiteTeamCountry "HUN"]
[BlackTeamCountry "HUN"]

1. d4 f5 2. e4 fxe4 3. Nc3 Nf6 4. Bg5 g6 5. f3 e3 6. Qe2 Bg7 7. Qxe3 0-0 8. 0-0-0 d5 9. h4 c6 10. g4 Qe8 11. Re1 e6 12. Nh3 c5 13. Nb5 cxd4 14. Nxd4 Qa4 15. Nxe6 Re8 16. Qf4 Qxf4+ 17. Nhxf4 Kf7 18. Bxf6 Bxf6 19. g5 Bg7 20. Bh3 Na6 21. Nxg7 Rxe1+ 22. Rxe1 Bxh3 23. Nxh3 Kxg7 24. Re7+ Kg8 25. Nf4 Rd8 26. Rxb7 1-0

[Event "HUN-chT2 Maroczy 0708"]
[Site "Hungary"]
[Date "2008.03.30"]
[Round "9"]
[White "Barta, Zoltan"]
[Black "Kovacs, Laszlo Jr"]
[Result "1/2-1/2"]
[WhiteElo "2105"]
[BlackElo "2072"]
[PlyCount "24"]
[EventDate "2007.10.14"]
[EventType "team"]
[EventRounds "11"]
[EventCountry "HUN"]
[SourceTitle "EXT 2009"]
[Source "ChessBase"]
[SourceDate "2008.11.26"]
[SourceVersion "1"]
[SourceVersionDate "2008.11.26"]
[SourceQuality "1"]
[WhiteTeam "Fuzesabony"]
[BlackTeam "Teva"]
[WhiteTeamCountry "HUN"]
[BlackTeamCountry "HUN"]

1. d4 Nf6 2. c4 c5 3. d5 b5 4. b3 bxc4 5. bxc4 g6 6. Qc2 Bg7 7. Bb2 d6 8. Nd2 0-0 9. e4 Nbd7 10. Be2 Rb8 11. Bc3 Re8 12. Ngf3 e6 1/2-1/2

[Event "HUN-chT2 Barcza 0708"]
[Site "Hungary"]
[Date "2008.03.02"]
[Round "7"]
[White "Kovacs, Laszlo Jr"]
[Black "Hunko, Gyorgy"]
[Result "1/2-1/2"]
[WhiteElo "2046"]
[BlackElo "2018"]
[PlyCount "56"]
[EventDate "2007.10.14"]
[EventType "team"]
[EventRounds "11"]
[EventCountry "HUN"]
[SourceTitle "EXT 2009"]
[Source "ChessBase"]
[SourceDate "2008.11.26"]
[SourceVersion "1"]
[SourceVersionDate "2008.11.26"]
[SourceQuality "1"]
[WhiteTeam "Miskolc II"]
[BlackTeam "Mezokovesd"]
[WhiteTeamCountry "HUN"]
[BlackTeamCountry "HUN"]

1. e4 c5 2. c3 d5 3. exd5 Qxd5 4. d4 e6 5. Nf3 Nf6 6. Be2 Be7 7. Na3 cxd4 8. Nb5 Na6 9. Nbxd4 Nc5 10. 0-0 0-0 11. Bf4 Qd8 12. Qc2 Nd5 13. Bg3 Bd6 14. Bxd6 Qxd6 15. g3 g6 16. Rfe1 a6 17. b4 Nd7 18. a3 b6 19. c4 Ne7 20. Rad1 Qc7 21. Ng5 Nf6 22. Bf3 Ra7 23. Nb3 Bb7 24. Bxb7 Rxb7 25. Qd3 a5 26. Qd4 Ne8 27. Ne4 Nc6 28. Qc3 Qe7 1/2-1/2

[Event "HUN-chT2 Barcza 0708"]
[Site "Hungary"]
[Date "2008.02.17"]
[Round "6"]
[White "Kovacs, Laszlo Jr"]
[Black "Levai, Gergo"]
[Result "1/2-1/2"]
[WhiteElo "2046"]
[BlackElo "2024"]
[PlyCount "35"]
[EventDate "2007.10.14"]
[EventType "team"]
[EventRounds "11"]
[EventCountry "HUN"]
[SourceTitle "EXT 2009"]
[Source "ChessBase"]
[SourceDate "2008.11.26"]
[SourceVersion "1"]
[SourceVersionDate "2008.11.26"]
[SourceQuality "1"]
[WhiteTeam "Miskolc II"]
[BlackTeam "Tiszaujvaros"]
[WhiteTeamCountry "HUN"]
[BlackTeamCountry "HUN"]

1. e4 c5 2. c3 d5 3. exd5 Qxd5 4. d4 Nf6 5. Nf3 Bg4 6. Be2 Nc6 7. Be3 cxd4 8. cxd4 e6 9. Nc3 Qa5 10. 0-0 Be7 11. Qb3 Qb4 12. Qxb4 Bxb4 13. a3 Bxc3 14. bxc3 0-0 15. h3 Bf5 16. Rfc1 Na5 17. Nd2 Rac8 18. c4 1/2-1/2

[Event "HUN-chT2 Maroczy 0708"]
[Site "Hungary"]
[Date "2007.11.11"]
[Round "2"]
[White "Miklosi, Attila"]
[Black "Kovacs, Laszlo Jr"]
[Result "1/2-1/2"]
[WhiteElo "2101"]
[BlackElo "2072"]
[PlyCount "37"]
[EventDate "2007.10.14"]
[EventType "team"]
[EventRounds "11"]
[EventCountry "HUN"]
[SourceTitle "EXT 2009"]
[Source "ChessBase"]
[SourceDate "2008.11.26"]
[SourceVersion "1"]
[SourceVersionDate "2008.11.26"]
[SourceQuality "1"]
[WhiteTeam "Hajduboszormeny"]
[BlackTeam "Teva"]
[WhiteTeamCountry "HUN"]
[BlackTeamCountry "HUN"]

1. d4 Nf6 2. Nf3 g6 3. Bf4 Bg7 4. e3 c5 5. c3 Qb6 6. Qb3 Nc6 7. Qxb6 axb6 8. Na3 0-0 9. Nc4 Nd5 10. Be5 Nxe5 11. Ncxe5 d6 12. Nd3 Bg4 13. Be2 b5 14. e4 Nf6 15. dxc5 Nxe4 16. Nd4 Bxe2 17. Kxe2 b4 18. Ke3 dxc5 19. Kxe4 1/2-1/2

[Event "HUN-chT2 Barcza 0708"]
[Site "Hungary"]
[Date "2007.10.14"]
[Round "1"]
[White "Kovacs, Laszlo Jr"]
[Black "Radics, Laszlo"]
[Result "1/2-1/2"]
[WhiteElo "2046"]
[BlackElo "2109"]
[PlyCount "81"]
[EventDate "2007.10.14"]
[EventType "team"]
[EventRounds "11"]
[EventCountry "HUN"]
[SourceTitle "EXT 2009"]
[Source "ChessBase"]
[SourceDate "2008.11.26"]
[SourceVersion "1"]
[SourceVersionDate "2008.11.26"]
[SourceQuality "1"]
[WhiteTeam "Miskolc II"]
[BlackTeam "Piremon"]
[WhiteTeamCountry "HUN"]
[BlackTeamCountry "HUN"]

1. e4 e5 2. Nf3 Nc6 3. Bb5 Bc5 4. c3 f5 5. d3 d6 6. Bg5 Nf6 7. Nbd2 0-0 8. 0-0 h6 9. Bxf6 Qxf6 10. exf5 Bxf5 11. Ne4 Bxe4 12. dxe4 Ne7 13. Qc2 Ng6 14. Ne1 Nf4 15. Nd3 Qg6 16. Nxf4 Rxf4 17. Kh1 Qxe4 18. Bd3 Qc6 19. f3 Raf8 20. Qe2 a6 21. Bc2 R4f6 22. Rad1 b5 23. Qd3 g6 24. Qe2 Qe8 25. Qd3 Kg7 26. Rde1 c6 27. a4 d5 28. axb5 axb5 29. b4 Bd6 30. Ra1 R8f7 31. Qe2 Qe7 32. g3 h5 33. Kg2 Re6 34. h4 g5 35. Qd3 e4 36. fxe4 Rxf1 37. Rxf1 Rxe4 38. hxg5 Qe5 39. Rf3 Qxg5 40. Qf1 Re7 41. Qd3 1/2-1/2